Tìm hiểu về định lý nguyên tố
Cơ sở lý luận: số tự nhiên, số nguyên, số nguyên tố. Định lý số nguyên tố: bài toán, chuỗi Dirichlet và hàm Chebychev, các định lý cơ sở.
Guardat en:
| Autor principal: | |
|---|---|
| Altres autors: | |
| Format: | Llibre |
| Idioma: | Vietnamese |
| Publicat: |
Đại học Đà Nẵng
Trường đại học Sư Phạm
2008
|
| Col·lecció: | Khóa luận tốt nghiệp Đại học. Chuyên ngành: Toán tin
|
| Matèries: | |
| Etiquetes: |
Afegir etiqueta
Sense etiquetes, Sigues el primer a etiquetar aquest registre!
|
| Thư viện lưu trữ: | Mạng thư viện Đại học Đà Nẵng |
|---|
| LEADER | 01433nam a2200349 4500 | ||
|---|---|---|---|
| 001 | 000011531 | ||
| 003 | 7782 | ||
| 005 | 20120206150205.0 | ||
| 008 | 120206s2008 viesd | ||
| 041 | |a vie | ||
| 072 | |a Khóa luận tốt nghiệp | ||
| 082 | |a 512.7 |b NG-H | ||
| 100 | |a Nguyễn, Thị Lệ Hằng | ||
| 245 | |a Tìm hiểu về định lý nguyên tố |c Nguyễn, Thị Lệ Hằng | ||
| 260 | |a Đại học Đà Nẵng |b Trường đại học Sư Phạm |c 2008 | ||
| 300 | |a 65 tr. |c 29 cm | ||
| 490 | |a Khóa luận tốt nghiệp Đại học. Chuyên ngành: Toán tin | ||
| 500 | |a Tham khảo tr.65 | ||
| 520 | |a Cơ sở lý luận: số tự nhiên, số nguyên, số nguyên tố. Định lý số nguyên tố: bài toán, chuỗi Dirichlet và hàm Chebychev, các định lý cơ sở. | ||
| 653 | |a Khóa luận tốt nghiệp đại học | ||
| 653 | |a Khoa Toán | ||
| 700 | |a Bùi, Tuấn Khang |c Th.S |e Hướng dẫn | ||
| OWN | |a LSP | ||
| AVA | |a UDN50 |b LSP |d 512.7 NG-H |e available |t Error 5001 Not defined in file expand_doc_bib_avail. |f 1 |g 0 |h N |i 0 |k 1 | ||
| 999 | |a From the UDN01 | ||
| AVA | |a UDN50 |b LSP |d 512.7 NG-H |e available |t Error 5001 Not defined in file expand_doc_bib_avail. |f 1 |g 0 |h N |i 0 |k 1 | ||
| TYP | |a Monograph | ||
| TYP | |a Printed language | ||
| 980 | |a Mạng thư viện Đại học Đà Nẵng | ||